| 000 | 00510nam a2200181 a 4500 | ||
|---|---|---|---|
| 005 | 20240531063649.0 | ||
| 008 | 030311s2001 mx r 000 0 spa d | ||
| 020 | _a9687854021 [sic] (obra completa) | ||
| 035 | _aUPN01000122784 | ||
| 049 | _aC | ||
| 050 | 4 |
_aLB15 _bD5.22 |
|
| 245 | 0 | 0 | _aDiccionario de psicología y pedagogía. |
| 260 |
_aMéxico : _bEuroMéxico, _c2001. |
||
| 300 | _a868 p. | ||
| 650 | 4 |
_aEducación _vDiccionarios _913241 |
|
| 650 | 4 |
_aPSICOLOGIA - _vDICCIONARIOS _915045 |
|
| 905 | _aLibro | ||
| 999 |
_c94967 _d94967 |
||